Podnikateľský plán vybraného podniku bakalárska práca

Salvato in:
Dettagli Bibliografici
Autore principale: Fapšo, Marek
Ente Autore: Fakulta podnikového manažmentu EU. Katedra manažmentu
Altri autori: Čambalíková, Andrea, 1990-
Natura: Libro
Lingua:slovacco
Pubblicazione: Bratislava 2018
Tags: Aggiungi Tag
Nessun Tag, puoi essere il primo ad aggiungerne!!

MARC

LEADER 00000nbm a2200000 4500
001 0244892
005 20180918144113.0
041 0 |a slo 
044 |a SK 
245 1 0 |a Podnikateľský plán vybraného podniku  |b bakalárska práca  |c Marek Fapšo ; školiteľ: Andrea Čambalíková 
264 1 |a Bratislava  |c 2018 
300 |a 52 s. 
100 1 |a Fapšo, Marek 
700 1 |a Čambalíková, Andrea, 1990- 
710 2 |a Fakulta podnikového manažmentu EU. Katedra manažmentu